[Event "KGZ-ch"]
[Site "Bishkek"]
[Date "2022.05.06"]
[Round "7"]
[White "Asanakunov, Zhumagazy"]
[Black "Abdyzhaparov, Aydar"]
[Result "1-0"]
[WhiteElo "2001"]
[BlackElo "2058"]
[PlyCount "129"]
[EventDate "2022.04.30"]
[EventType "swiss"]
[EventRounds "11"]
[EventCountry "KGZ"]
[SourceTitle "EXT 2023"]
[Source "ChessBase"]
[SourceDate "2022.10.05"]
[SourceVersion "1"]
[SourceVersionDate "2022.10.05"]
[SourceQuality "1"]

1. e4 c6 2. d3 g6 3. Nf3 Bg7 4. g3 d6 5. Bg2 Nd7 6. 0-0 Qc7 7. Nc3 h6 8. Be3 Ngf6 9. h3 g5 10. Nd2 Nf8 11. a4 g4 12. h4 Ng6 13. d4 0-0 14. Qe2 e5 15. Rfd1 Rd8 16. Nc4 Be6 17. d5 Bc8 18. b4 Bf8 19. a5 cxd5 20. exd5 Bd7 21. b5 Rdc8 22. Bf1 Qd8 23. Rab1 Bf5 24. b6 a6 25. Rb4 Qd7 26. Qd2 Kh7 27. Bg2 Bg7 28. Ra1 Rd8 29. Raa4 Rac8 30. Nb2 Nf8 31. Rc4 Rxc4 32. Rxc4 Rc8 33. Qe2 Qd8 34. Rxc8 Qxc8 35. Qc4 Qd7 36. Ne4 Ne8 37. Qb4 Ng6 38. Nc4 Bxe4 39. Bxe4 f5 40. Bd3 Ne7 41. Nd2 Nxd5 42. Qxg4 Ne7 43. c4 Nf6 44. Qd1 Kh8 45. f3 d5 46. cxd5 Nfxd5 47. Bf2 Nf4 48. Bf1 Nfd5 49. Nb3 Qa4 50. Qc2 e4 51. fxe4 fxe4 52. Qc4 Qxc4 53. Bxc4 Bc3 54. Bd4+ Bxd4+ 55. Nxd4 Nb4 56. Kf2 Nbc6 57. Nxc6 Nxc6 58. Bd5 Nxa5 59. g4 Kg7 60. Ke3 Kf6 61. Kxe4 Ke7 62. g5 hxg5 63. hxg5 Kd7 64. g6 Nc6 65. Bxc6+ 1-0

[Event "Osh zt 3.4"]
[Site "Osh"]
[Date "2013.06.12"]
[Round "6"]
[White "Atabayev, Yusup"]
[Black "Abdyzhaparov, Aydar"]
[Result "1-0"]
[WhiteElo "2443"]
[BlackElo "2060"]
[PlyCount "93"]
[EventDate "2013.06.07"]
[EventType "swiss"]
[EventRounds "9"]
[EventCountry "KGZ"]
[SourceTitle "CBM 154 Extra"]
[Source "ChessBase"]
[SourceDate "2013.06.25"]
[SourceVersion "2"]
[SourceVersionDate "2013.06.25"]
[SourceQuality "1"]

1. e4 e5 2. Nf3 Nf6 3. Nxe5 d6 4. Nf3 Nxe4 5. Bd3 Nc5 6. Be2 d5 7. 0-0 Be7 8. d4 Ne6 9. c4 c6 10. Nc3 0-0 11. cxd5 cxd5 12. Qb3 Nc6 13. Be3 Bf6 14. Rfd1 Ne7 15. Ne5 Bxe5 16. dxe5 d4 17. f4 Nf5 18. Bc1 Qa5 19. Ne4 Rd8 20. Bd2 Qb6 21. Bc4 h5 22. Rac1 Qxb3 23. axb3 b6 24. Bd3 Kh8 25. Kf2 Bb7 26. g3 a5 27. h3 Bd5 28. g4 Ne3 29. Bxe3 dxe3+ 30. Kxe3 Bxb3 31. Rd2 Rac8 32. Rxc8 Rxc8 33. Nd6 Rc7 34. gxh5 Nc5 35. Bb1 Kg8 36. Nc4 Kf8 37. Nxb6 Rc6 38. Rd6 Rxd6 39. exd6 Nb7 40. d7 Ke7 41. Bf5 Kd8 42. Kd4 Kc7 43. Nd5+ Kd6 44. Ne3 Kc7 45. Bg4 Be6 46. f5 Bxd7 47. f6 1-0

[Event "Osh zt 3.4"]
[Site "Osh"]
[Date "2013.06.11"]
[Round "5"]
[White "Abdyzhaparov, Aydar"]
[Black "Attokurov, Adilet"]
[Result "1/2-1/2"]
[WhiteElo "2060"]
[BlackElo "1885"]
[PlyCount "125"]
[EventDate "2013.06.07"]
[EventType "swiss"]
[EventRounds "9"]
[EventCountry "KGZ"]
[SourceTitle "CBM 154 Extra"]
[Source "ChessBase"]
[SourceDate "2013.06.25"]
[SourceVersion "2"]
[SourceVersionDate "2013.06.25"]
[SourceQuality "1"]

1. d4 Nf6 2. Nf3 c5 3. e3 d5 4. c4 e6 5. Bd3 Be7 6. 0-0 dxc4 7. Bxc4 0-0 8. Nc3 a6 9. a4 b6 10. Qe2 Bb7 11. Rd1 Qc7 12. e4 cxd4 13. Nxd4 Nc6 14. Nxc6 Qxc6 15. f3 Rfd8 16. Bf4 Nh5 17. Be3 Bc5 18. Bxc5 Qxc5+ 19. Kh1 Nf4 20. Qf1 a5 21. Bb5 h6 22. Rxd8+ Rxd8 23. g3 Ng6 24. Rd1 Rd4 25. Rxd4 Qxd4 26. Qg1 Qd6 27. Kg2 Ne5 28. Be2 f5 29. exf5 exf5 30. Qe3 Ng4 31. Qd3 Qc5 32. Qc4+ Qxc4 33. Bxc4+ Kf8 34. Be2 Ke7 35. h3 Nf6 36. Kf2 Kd6 37. Bd3 Bc8 38. f4 Bd7 39. h4 Nd5 40. Nxd5 Kxd5 41. Ke3 g6 42. b3 Kc5 43. Bc4 Bxa4 44. Bf7 Bd7 45. Kd3 b5 46. Kc3 b4+ 47. Kd3 Bb5+ 48. Ke3 Bd7 49. Kd3 Bb5+ 50. Ke3 a4 51. bxa4 Bxa4 52. Bxg6 Bc2 53. Kd2 b3 54. Kc3 Kd5 55. Bh5 Ke4 56. g4 Kxf4 57. gxf5 Bxf5 58. Kxb3 Kg3 59. Be8 Kxh4 60. Kc3 Kg5 61. Kd2 Bg6 62. Bxg6 Kxg6 63. Ke2 1/2-1/2

[Event "Osh zt 3.4"]
[Site "Osh"]
[Date "2013.06.08"]
[Round "2"]
[White "Abdyzhaparov, Aydar"]
[Black "Vakhidov, Jahongir"]
[Result "0-1"]
[WhiteElo "2060"]
[BlackElo "2398"]
[PlyCount "56"]
[EventDate "2013.06.07"]
[EventType "swiss"]
[EventRounds "9"]
[EventCountry "KGZ"]
[SourceTitle "CBM 154 Extra"]
[Source "ChessBase"]
[SourceDate "2013.06.25"]
[SourceVersion "2"]
[SourceVersionDate "2013.06.25"]
[SourceQuality "1"]

1. d4 Nf6 2. c4 c5 3. d5 e5 4. f4 exf4 5. Bxf4 Nh5 6. Qd2 Nxf4 7. Qxf4 d6 8. Nf3 Be7 9. Nc3 0-0 10. e4 f5 11. Be2 g5 12. Qe3 g4 13. Nd2 f4 14. Qd3 Nd7 15. 0-0-0 Ne5 16. Qc2 f3 17. gxf3 gxf3 18. Bxf3 Nxf3 19. Nxf3 Rxf3 20. Qg2+ Bg5+ 21. Kb1 Rf4 22. Rhg1 Rg4 23. Qe2 Rxg1 24. Rxg1 Kh8 25. Qf3 Bf6 26. Nb5 Be5 27. Qf7 Bh3 28. Nc7 Qf8 0-1

[Event "FICGS W-ch st1 g02 email"]
[Site "FICGS email"]
[Date "2007.07.11"]
[Round "1"]
[White "Serd, Than"]
[Black "Abdyzhaparov, Aydar"]
[Result "1-0"]
[WhiteElo "1310"]
[BlackElo "2060"]
[PlyCount "21"]
[EventDate "2007.??.??"]
[EventType "tourn (corr)"]
[EventRounds "8"]
[SourceTitle "Corr 2022"]
[Source "ChessBase"]
[SourceDate "2021.10.24"]
[SourceVersion "1"]
[SourceVersionDate "2021.10.24"]
[SourceQuality "1"]

1. e4 c5 2. Nf3 Nc6 3. d3 g6 4. g3 Bg7 5. Bg2 e5 6. 0-0 Nge7 7. c3 0-0 8. Be3 b6 9. Qd2 d5 10. exd5 Nxd5 11. Bh6 1-0

[Event "FICGS class A 000024 email"]
[Site "FICGS email"]
[Date "2007.06.30"]
[Round "1"]
[White "Abdyzhaparov, Aydar"]
[Black "Dolganiuc, Victor"]
[Result "0-1"]
[WhiteElo "2060"]
[BlackElo "2000"]
[PlyCount "22"]
[EventDate "2007.??.??"]
[EventType "tourn (corr)"]
[EventRounds "6"]
[SourceTitle "Corr 2022"]
[Source "ChessBase"]
[SourceDate "2021.10.24"]
[SourceVersion "1"]
[SourceVersionDate "2021.10.24"]
[SourceQuality "1"]

1. d4 d5 2. c4 e6 3. Nc3 Nf6 4. cxd5 exd5 5. Bg5 c6 6. e3 Bf5 7. Qf3 Bg6 8. Bxf6 Qxf6 9. Qxf6 gxf6 10. h4 Nd7 11. h5 Bf5 0-1